Основы массопередачи. Системы газ-жидкость, пар-жидкость, жидкость-жидкость: учебник

Bibliographic Details
Main Author: Кафаров В. В. Виктор Вячеславович
Language:Russian
Published: Москва, Высшая школа, 1979
Edition:3-е изд., перераб. и доп.
Subjects:
Format: Book
KOHA link:https://koha.lib.tpu.ru/cgi-bin/koha/opac-detail.pl?biblionumber=36342

MARC

LEADER 00000nam0a2200000 4500
001 36342
005 20231101210351.0
035 |a (RuTPU)RU\TPU\book\36812 
035 |a BOOK00003464 
090 |a 36342 
100 |a 20011210d1979 m y0rusy50 ca 
101 0 |a rus 
102 |a RU 
105 |a a j 001zy 
200 1 |a Основы массопередачи. Системы газ-жидкость, пар-жидкость, жидкость-жидкость  |e учебник  |f В. В. Кафаров 
205 |a 3-е изд., перераб. и доп. 
210 |a Москва  |c Высшая школа  |d 1979 
215 |a 439 с.  |c ил. 
320 |a Библиогр.: с. 430. 
320 |a Предм. указ.: с. 431-436. 
606 1 |a Массопередача в химической технологии  |2 stltpush  |3 (RuTPU)RU\TPU\subj\31267  |9 54165 
610 1 |a химическая технология 
610 1 |a газ 
610 1 |a пар 
610 1 |a жидкость 
610 1 |a математическое моделирование 
610 1 |a расчеты 
610 1 |a аппараты 
610 1 |a учебники 
610 1 |a библиотека А. Г. Стромберга 
675 |a 66.021.3(075.8)  |v 3 
700 1 |a Кафаров  |b В. В.  |g Виктор Вячеславович 
801 0 |a RU  |b 63413507  |c 20011210  |g PSBO 
801 2 |a RU  |b 63413507  |c 20201108  |g PSBO 
900 |a Спецкурс 51 
942 |c BK